Stlač SHIFT ... a nauč sa ovládať svoje emócie, aby neovládali ony teba

Saved in:
Bibliographic Details
Main Author Kross, Ethan
Format Electronic eBook
LanguageCzech
Published Grada SK 2025
Edition1. elektronické vydání
Subjects
Online AccessDostupné v BOOKPORT po přihlášení pomocí eduID
ISBN978-80-8305-119-5
978-80-8305-117-1
Physical Description1 online zdroj (256 stran)

Cover

LEADER 00000nam a2200000 i 4500
001 bkp100453
003 CZ-prgp
005 20250808122759.0
006 m o d
007 cr cn
008 250808s2025 xr o 000 0 cze
020 |a 978-80-8305-119-5  |c 436 Kč  |q (online ; epub) 
020 |a 978-80-8305-117-1  |c 512 Kč  |q (print) 
040 |a Grada  |b cze  |e rda 
100 1 |a Kross, Ethan 
245 1 0 |a Stlač SHIFT  |b ... a nauč sa ovládať svoje emócie, aby neovládali ony teba  |c Ethan Kross 
250 |a 1. elektronické vydání 
264 1 |b Grada SK  |c 2025 
300 |a 1 online zdroj (256 stran) 
336 |a text  |b txt  |2 rdacontent 
337 |a počítač  |b c  |2 rdamedia 
338 |a online zdroj  |b cr  |2 rdacarrier 
520 3 |a Mýty búrajúca, vedecky podložená príručka, skúmajúca večnú otázku, ako zvládať svoj emocionálny život pomocou nástrojov, ktoré už vlastníte. Od autora bestsellera Vnútorný hlas. 
650 0 4 |a Harmonie těla a duše 
650 0 4 |a Mindfulness 
650 0 4 |a Sebepoznání 
650 0 4 |a Uvědomělý život 
650 0 4 |a Šťastný život 
650 0 4 |a Sebedůvěra a emoce 
856 4 0 |u https://www.bookport.cz/AccountSaml/SignIn/?idp=https://shibboleth.utb.cz/idp/shibboleth&returnUrl=/kniha/stlac-shift-15210/  |y Dostupné v BOOKPORT po přihlášení pomocí eduID